LEADER 01547nam1-2200457---450 001 990000978850203316 005 20180124114110.0 010 $a88-7075-136-8 035 $a0097885 035 $aUSA010097885 035 $a(ALEPH)000097885USA01 035 $a0097885 100 $a20020222d1986----km-y0ITAy01------ba 101 $aita 102 $aIT 105 $a||||||||001yy 200 1 $a<> marche dei tipografi e degli editori italiani del Cinquecento$erepertorio di figure, simboli e soggetti e dei relativi motti$fGiuseppina Zappella 210 $aMilano$cBibliografica$d1986 215 $a2 volumi$cill.$d29 cm 225 2 $aGrandi opere$v1 300 $aIl 2. è di tav. 410 $12001$aGrandi opere$v, 1 610 0 $aMarche tipografiche$yItalia$zSec. 16. 676 $a686.20278 700 1$aZAPPELLA,$bGiuseppina$07692 801 0$aIT$bsalbc$gISBD 912 $a990000978850203316 951 $aI.2.C. 3/1(XIII D 135/I)$b106555 LM$cXIII 951 $aI.2.C. 3/2(XIII D 135/II)$b106556 LM$cXIII 959 $aBK 969 $aUMA 979 $aPATTY$b90$c20020222$lUSA01$h1706 979 $c20020403$lUSA01$h1740 979 $aPATRY$b90$c20040406$lUSA01$h1707 979 $aCOPAT2$b90$c20050222$lUSA01$h1729 979 $aDILAM$b90$c20060109$lUSA01$h1351 979 $aDILAM$b90$c20060322$lUSA01$h1123 979 $aCOPAT5$b90$c20060322$lUSA01$h1422 979 $aCOPAT6$b90$c20070404$lUSA01$h1610 996 $aMarche dei tipografi e degli editori italiani del Cinquecento$972724 997 $aUNISA LEADER 01604cam0-2200481---450- 001 990000063080203316 005 20091102105105.0 010 $a90-411-1155-7 035 $a0006308 035 $aUSA010006308 035 $a(ALEPH)000006308USA01 035 $a0006308 100 $a20000914d1999----|||y0itay0103----ba 101 0 $aeng 102 $anl 105 $a||||||||001yy 200 1 $aNew political entities in public and private international law$ewith special reference to the Palestinian enttity$fedited by Amos Shapira and Mala Tabory 210 $aThe Hague [etc.]$cKluwer Law International$dcopyr. 1999 215 $aVIII, 430 p.$d25 cm 610 $aPalestina Convenzioni internazionali 676 $a341.290956953 702 1$aSHAPIRA,$bAmos 702 1$aTABORY,$bMala 801 $aIT$bSALBC$gISBD 912 $a990000063080203316 951 $aXXIII.1.M. 259 (IG VIII 13 545)$b23636 G.$cXXIII.1.M. 259 (IG VIII 13)$d00001567 959 $aBK 979 $c20000914$lUSA01$h1729 979 $c20001019$lUSA01$h1055 979 $c20001019$lUSA01$h1453 979 $c20001019$lUSA01$h1500 979 $c20001019$lUSA01$h1538 979 $c20001024$lUSA01$h1513 979 $c20001027$lUSA01$h1518 979 $c20001027$lUSA01$h1522 979 $c20001110$lUSA01$h1709 979 $c20001124$lUSA01$h1207 979 $c20020403$lUSA01$h1613 979 $aPATRY$b90$c20040406$lUSA01$h1605 979 $aRSIAV3$b90$c20091102$lUSA01$h1051 996 $aNew political entities in public and private international law$9705027 997 $aUNISA bas $agiu